00328nam a2200097Ia 4500008004100000245009900041245002000140260000900160650001300169856004800182171211s9999 xx 000 0 und d aQuaker Brotherhood: Interracial Activism and the American Friends Service Committee, 1917-1950 cAllan W. Austin c2012 xReligion uhttp://down.ebook777.com/063/0252037049.pdf